[Event "Tradewise Gibraltar Masters 14th"]
[Site "Gibraltar"]
[Date "2016.02.02"]
[Round "8.70"]
[White "Christiansen, Johan-Sebastian"]
[Black "Verneuil, Pascal"]
[Result "1-0"]
[WhiteElo "2374"]
[BlackElo "2205"]
[PlyCount "129"]
[EventDate "2016.01.26"]
[EventType "swiss"]
[EventRounds "10"]
[EventCountry "GGB"]
[Source "www.saund.co.uk"]
[SourceDate "2005.02.07"]

1. c4 e5 2. g3 Nc6 3. Bg2 Bc5 4. Nc3 a6 5. Nf3 d6 6. e3 Ba7 7. d4 Bg4 8. dxe5
Nxe5 9. h3 Bxf3 10. Bxf3 c6 11. Bg2 Nxc4 12. Qg4 Ne5 13. Qxg7 Qf6 14. Qxf6 Nxf6
15. Ke2 O-O-O 16. Rd1 Rhg8 17. b3 h5 18. Bb2 Bb8 19. Rac1 Bc7 20. Kf1 Ne8 21.
Ne2 Ng7 22. b4 d5 23. Bxd5 Rd7 24. Bb3 Nd3 25. Rb1 Nxb2 26. Rxd7 Kxd7 27. Rxb2
Ke7 28. a4 Rd8 29. Kg2 Bd6 30. Ba2 Be5 31. Rc2 Rd3 32. b5 cxb5 33. axb5 axb5
34. Rc5 Kf6 35. Rxb5 Rd2 36. Rb6+ Ne6 37. Nc1 Rb2 38. Bb3 Rd2 39. Bxe6 fxe6 40.
Rxb7 Kg5 41. Nb3 Rb2 42. Nc5 Rxb7 43. Nxb7 Bb2 44. Nc5 Kf5 45. Nd3 Bf6 46. Nf4
h4 47. g4+ Ke5 48. Kf3 Bg5 49. Ng2 Kd5 50. Ke2 e5 51. f4 Bd8 52. Kf3 e4+ 53.
Ke2 Bf6 54. g5 Ba1 55. Nxh4 Ke6 56. Ng2 Bc3 57. Ne1 Kf5 58. Nc2 Kg6 59. Nd4 Kh5
60. Nf5 Bb2 61. Ng3+ Kh4 62. Nxe4 Kxh3 63. Kf3 Kh4 64. Nf6 Bc3 65. e4 1-0

[Event "Tradewise Gibraltar Masters 14th"]
[Site "Gibraltar"]
[Date "2016.02.02"]
[Round "8.71"]
[White "Paehtz, Thomas"]
[Black "Vanheirzeele, Daniel"]
[Result "1-0"]
[WhiteElo "2372"]
[BlackElo "2149"]
[PlyCount "104"]
[EventDate "2016.01.26"]
[EventType "swiss"]
[EventRounds "10"]
[EventCountry "GGB"]
[Source "www.saund.co.uk"]
[SourceDate "2005.02.07"]

1. d4 Nf6 2. Nf3 e6 3. e3 b6 4. Bd3 Bb7 5. b3 c5 6. dxc5 Bxc5 7. O-O O-O 8. Bb2
d5 9. Nbd2 Nbd7 10. Qe2 Re8 11. Ne5 Nxe5 12. Bxe5 Nd7 13. Bb2 e5 14. Rfd1 Qe7
15. c4 Nf6 16. a3 e4 17. Bc2 Ba6 18. b4 Bd6 19. Bb3 Be5 20. Bxe5 Qxe5 21. b5
Bb7 22. cxd5 Bxd5 23. Bxd5 Nxd5 24. Nc4 Qe6 25. Rd4 Nc3 26. Qb2 Na4 27. Qc2 Nc5
28. Rad1 Qe7 29. Nd6 Red8 30. h3 g6 31. a4 f5 32. Qc4+ Qe6 33. a5 Qxc4 34. Nxc4
Nd3 35. Rxd8+ Rxd8 36. axb6 axb6 37. Rb1 Rb8 38. Ra1 Nc5 39. Ra7 Rb7 40. Ra8+
Kg7 41. Rc8 Nd3 42. Rc6 Kf8 43. g4 fxg4 44. hxg4 Ke7 45. Nd6 Rb8 46. Nxe4 Ne5
47. Rc7+ Ke6 48. g5 Kf5 49. Nd6+ Ke6 50. Nc4 Nf3+ 51. Kg2 Nxg5 52. Rc6+ Kd5 1-0

[Event "Tradewise Gibraltar Masters 14th"]
[Site "Gibraltar"]
[Date "2016.02.02"]
[Round "8.72"]
[White "Weisbuch, Udi"]
[Black "Bitensky, Igor"]
[Result "1-0"]
[WhiteElo "2254"]
[BlackElo "2362"]
[PlyCount "87"]
[EventDate "2016.01.26"]
[EventType "swiss"]
[EventRounds "10"]
[EventCountry "GGB"]
[Source "www.saund.co.uk"]
[SourceDate "2005.02.07"]

1. e4 e5 2. Nf3 Nc6 3. Bc4 Nf6 4. d3 Be7 5. O-O O-O 6. Bb3 a5 7. Ba4 d6 8. c3
Nd7 9. Bc2 Bf6 10. Re1 Re8 11. h3 Nf8 12. Nbd2 Ng6 13. Nf1 d5 14. exd5 Qxd5 15.
Ng5 Bxg5 16. Bxg5 Be6 17. Ng3 h6 18. Bd2 Rad8 19. a3 b5 20. Re4 a4 21. Qh5 Nce7
22. c4 Qc6 23. Qd1 f5 24. cxb5 Qd5 25. Rxa4 e4 26. d4 Nh4 27. Qf1 Neg6 28. Nh5
f4 29. Nxf4 Nxf4 30. Bxf4 Bxh3 31. Qc4 Qxc4 32. Rxc4 Nxg2 33. Bxc7 Rd5 34. Rc3
Rg5 35. Bb3+ Be6 36. Bxe6+ Rxe6 37. Rg3 Nh4 38. Rxg5 hxg5 39. b6 Nf3+ 40. Kf1
Nd2+ 41. Ke2 Nb3 42. b7 Nxd4+ 43. Kf1 Nc6 44. Rc1 1-0

[Event "Tradewise Gibraltar Masters 14th"]
[Site "Gibraltar"]
[Date "2016.02.02"]
[Round "8.73"]
[White "Baert, Andy"]
[Black "Gara, Anita"]
[Result "0-1"]
[WhiteElo "2184"]
[BlackElo "2339"]
[PlyCount "87"]
[EventDate "2016.01.26"]
[EventType "swiss"]
[EventRounds "10"]
[EventCountry "GGB"]
[Source "www.saund.co.uk"]
[SourceDate "2005.02.07"]

1. d4 f5 2. g3 Nf6 3. Bg2 g6 4. Nf3 Bg7 5. O-O O-O 6. c4 d6 7. Nc3 Nc6 8. d5
Na5 9. Nd2 c5 10. Qc2 a6 11. b3 Rb8 12. a4 e5 13. dxe6 Bxe6 14. Ba3 Nc6 15. Nf3
Nb4 16. Qd2 Qe7 17. Rad1 Rfd8 18. Ng5 Bh6 19. f4 Bxg5 20. fxg5 Ng4 21. e4 Qg7
22. h3 Ne5 23. Bxb4 cxb4 24. Nd5 b5 25. cxb5 axb5 26. a5 fxe4 27. Nf6+ Kh8 28.
Qxb4 d5 29. Qd4 Nc6 30. Qc5 Nxa5 31. Rf4 Nb7 32. Qc6 Qe7 33. Qc3 Qc5+ 34. Qxc5
Nxc5 35. Rc1 Rbc8 36. Rh4 Bg8 37. Ra1 Rc7 38. b4 Ne6 39. Rg4 Kg7 40. Ra5 h5 41.
Rh4 Bf7 42. Rxb5 Nxg5 43. Rf4 Rd6 44. Rxd5 0-1

[Event "Tradewise Gibraltar Masters 14th"]
[Site "Gibraltar"]
[Date "2016.02.02"]
[Round "8.74"]
[White "Mohota, Nisha"]
[Black "Foisor, Cristina Adela"]
[Result "1-0"]
[WhiteElo "2245"]
[BlackElo "2338"]
[PlyCount "133"]
[EventDate "2016.01.26"]
[EventType "swiss"]
[EventRounds "10"]
[EventCountry "GGB"]
[Source "www.saund.co.uk"]
[SourceDate "2005.02.07"]

1. e4 g6 2. d4 Bg7 3. Nc3 d6 4. Be3 a6 5. Qd2 Nd7 6. h4 h5 7. O-O-O b5 8. Nh3
Bb7 9. Ng5 e6 10. a3 Qe7 11. f4 Nh6 12. e5 d5 13. Bd3 Nb6 14. Rh3 Nf5 15. Bf2
Bf8 16. Qe2 Nh6 17. Rf1 Qd7 18. f5 Nxf5 19. g4 hxg4 20. Qxg4 O-O-O 21. Ne2 Bh6
22. Nf4 Qe7 23. Rfh1 Rdg8 24. Kb1 Nc4 25. Kc1 Kb8 26. R1h2 Rc8 27. Qg1 Rcg8 28.
Be1 Qd8 29. b3 Nb6 30. Kb2 Qe8 31. Rg2 Nc8 32. Bxf5 exf5 33. h5 Ne7 34. hxg6
Nxg6 35. Nh5 Bxg5 36. Rxg5 Qd8 37. Qf1 Ne7 38. Rxg8 Nxg8 39. Bb4 Bc6 40. Nf4
Rxh3 41. Qxh3 Bb7 42. Qh7 Qe8 43. Qg7 Bc8 44. Bc5 a5 45. Nxd5 Qc6 46. Nxc7 Kxc7
47. Qxf7+ Bd7 48. Bd6+ Kb6 49. Qxg8 Qc8 50. Qg1 a4 51. d5+ Ka6 52. Qg6 Kb7 53.
e6 axb3 54. cxb3 Qh8+ 55. Ka2 Qc3 56. Qg2 Be8 57. Bb4 Qd4 58. d6+ Bc6 59. Qd2
Qxd2+ 60. Bxd2 Kc8 61. d7+ Bxd7 62. exd7+ Kxd7 63. Kb2 Kc6 64. Kc3 Kc5 65. Be3+
Kd5 66. Kb4 Ke4 67. Bh6 1-0

[Event "Tradewise Gibraltar Masters 14th"]
[Site "Gibraltar"]
[Date "2016.02.02"]
[Round "8.75"]
[White "Nezad, Husein Aziz"]
[Black "Ajele, Rotimi"]
[Result "1-0"]
[WhiteElo "2422"]
[BlackElo "2163"]
[PlyCount "53"]
[EventDate "2016.01.26"]
[EventType "swiss"]
[EventRounds "10"]
[EventCountry "GGB"]
[Source "www.saund.co.uk"]
[SourceDate "2005.02.07"]

1. d4 Nf6 2. c4 g6 3. Nc3 d5 4. Bg5 Ne4 5. Bh4 Nxc3 6. bxc3 dxc4 7. e3 Be6 8.
Be2 Bg7 9. Nh3 c5 10. Nf4 Bd7 11. Bxc4 cxd4 12. cxd4 Qa5+ 13. Qd2 Nc6 14. Be2
Rc8 15. Rb1 b6 16. Bb5 Qxd2+ 17. Kxd2 e5 18. Nd5 exd4 19. Rhe1 Kf8 20. Rbc1 d3
21. Nf6 Ke7 22. Nxd7+ Kxd7 23. Rc4 a6 24. Bxa6 Ra8 25. Bb5 Rxa2+ 26. Kxd3 Ra3+
27. Ke2 1-0

[Event "Tradewise Gibraltar Masters 14th"]
[Site "Gibraltar"]
[Date "2016.02.02"]
[Round "8.76"]
[White "House, Glenn L"]
[Black "Santiago, Yago De Moura"]
[Result "1/2-1/2"]
[WhiteElo "2226"]
[BlackElo "2422"]
[PlyCount "107"]
[EventDate "2016.01.26"]
[EventType "swiss"]
[EventRounds "10"]
[EventCountry "GGB"]
[Source "www.saund.co.uk"]
[SourceDate "2005.02.07"]

1. e4 e6 2. d3 d5 3. Nd2 Nf6 4. Ngf3 b6 5. g3 dxe4 6. dxe4 Bb7 7. Bb5+ c6 8.
Bd3 c5 9. Qe2 Nc6 10. O-O Be7 11. c3 Nd7 12. Rd1 Qc7 13. Ba6 Bxa6 14. Qxa6 Rd8
15. Nc4 O-O 16. Bf4 e5 17. Bd2 Nf6 18. Re1 h6 19. Qa4 Rd3 20. Kg2 Rfd8 21. Re3
R3d7 22. Re2 Bf8 23. Rae1 g6 24. Bc1 Bg7 25. Rd2 Rxd2 26. Bxd2 Qb7 27. Qb5 Nxe4
28. Rxe4 Nd4 29. cxd4 Qxe4 30. dxe5 a6 31. Qxa6 g5 32. h3 Ra8 33. Qb5 Rxa2 34.
Qb3 Ra7 35. Qxb6 Ra1 36. Qxc5 h5 37. Qc8+ Bf8 38. Bb4 Ra8 39. Nd6 Rxc8 40. Nxe4
Bxb4 41. Nfxg5 Rc2 42. b3 Kg7 43. h4 Kg6 44. Nh3 Rb2 45. Nf4+ Kf5 46. Ng5 Bd2
47. Nxh5 Bxg5 48. hxg5 Kxg5 49. Nf4 Kf5 50. Nd3 Rxb3 51. Nf4 Kxe5 52. Ne2 Ke4
53. Nf4 Rb2 54. Nh3 1/2-1/2

[Event "Tradewise Gibraltar Masters 14th"]
[Site "Gibraltar"]
[Date "2016.02.02"]
[Round "8.77"]
[White "Heinemann, Josefine"]
[Black "Ben Artzi, Ido"]
[Result "0-1"]
[WhiteElo "2233"]
[BlackElo "2418"]
[PlyCount "88"]
[EventDate "2016.01.26"]
[EventType "swiss"]
[EventRounds "10"]
[EventCountry "GGB"]
[Source "www.saund.co.uk"]
[SourceDate "2005.02.07"]

1. e4 g6 2. d4 Bg7 3. Nc3 d6 4. h3 Nf6 5. g4 O-O 6. Bg2 e5 7. d5 c6 8. Nge2
cxd5 9. Nxd5 Nxd5 10. Qxd5 Nc6 11. O-O Be6 12. Qd2 Rc8 13. b3 b5 14. c3 Qh4 15.
Qg5 Qxg5 16. Bxg5 a5 17. Rfd1 h6 18. Be3 Rfd8 19. Rac1 a4 20. c4 bxc4 21. bxa4
Ra8 22. Nc3 g5 23. Bf1 Nd4 24. Kg2 Rdc8 25. Nb5 Rc6 26. Bxd4 exd4 27. Nxd4 Bxd4
28. Rxd4 Rxa4 29. Rd2 c3 30. Rdc2 Ra3 31. Kf3 Kg7 32. Ke3 Kf6 33. Kd4 Bxa2 34.
Rxc3 Raxc3 35. Rxc3 Rxc3 36. Kxc3 Ke5 37. Bd3 Kf4 38. Kd4 Kf3 39. e5 dxe5+ 40.
Kxe5 Kxf2 41. Kf6 Kg3 42. Kg7 Kxh3 43. Be2 Be6 44. Kxh6 Kh4 0-1

[Event "Tradewise Gibraltar Masters 14th"]
[Site "Gibraltar"]
[Date "2016.02.02"]
[Round "8.78"]
[White "Holm, Kristian Stuvik"]
[Black "Blodig, Reinhard"]
[Result "1-0"]
[WhiteElo "2417"]
[BlackElo "2158"]
[PlyCount "97"]
[EventDate "2016.01.26"]
[EventType "swiss"]
[EventRounds "10"]
[EventCountry "GGB"]
[Source "www.saund.co.uk"]
[SourceDate "2005.02.07"]

1. d4 Nf6 2. c4 c5 3. Nf3 cxd4 4. Nxd4 e5 5. Nb5 d5 6. cxd5 Bc5 7. N5c3 O-O 8.
g3 Qb6 9. e3 e4 10. Bg2 Re8 11. O-O Na6 12. a3 Bf5 13. Nd2 Rac8 14. Nc4 Qd8 15.
b3 Bd6 16. Nb5 Be5 17. Nxe5 Rxe5 18. b4 Rxd5 19. Nd4 Nb8 20. Qb3 Bg6 21. Bb2
Nc6 22. Nxc6 Rxc6 23. Bd4 Qd7 24. Rac1 h6 25. Qb2 Bf5 26. Rxc6 Qxc6 27. Rc1 Qa4
28. Bf1 Ne8 29. Bc4 Rd7 30. Be2 f6 31. Kg2 Rc7 32. Bh5 Rxc1 33. Qxc1 g6 34. Bd1
Qd7 35. Bxa7 b5 36. Bd4 Be6 37. Be2 Qd5 38. Qa1 h5 39. Bxf6 Qc6 40. Bg5 Bc4 41.
Qd1 Nd6 42. Bf6 Bxe2 43. Qxe2 Nc4 44. Bd4 Qe6 45. h3 Nxa3 46. Qb2 Nc4 47. Qa1
Nd6 48. Qa6 Qd5 49. Bc5 1-0

[Event "Tradewise Gibraltar Masters 14th"]
[Site "Gibraltar"]
[Date "2016.02.02"]
[Round "8.79"]
[White "Csonka, Balazs"]
[Black "Dougherty, Michael"]
[Result "1-0"]
[WhiteElo "2415"]
[BlackElo "2149"]
[PlyCount "63"]
[EventDate "2016.01.26"]
[EventType "swiss"]
[EventRounds "10"]
[EventCountry "GGB"]
[Source "www.saund.co.uk"]
[SourceDate "2005.02.07"]

1. d4 g6 2. c4 Bg7 3. e4 d6 4. Nc3 e5 5. d5 Nd7 6. Bd3 Ngf6 7. Nge2 O-O 8. O-O
Nh5 9. Be3 f5 10. exf5 gxf5 11. Ng3 Nxg3 12. fxg3 e4 13. Be2 Ne5 14. Qd2 Bd7
15. Rf2 Qe8 16. Raf1 Qg6 17. Nd1 c5 18. dxc6 bxc6 19. Bd4 c5 20. Bc3 Rad8 21.
Ne3 Be6 22. Nd5 Bxd5 23. Qxd5+ Kh8 24. Kh1 Rde8 25. a4 Re7 26. g4 Nxg4 27. Rxf5
Rxf5 28. Rxf5 Bxc3 29. Rf8+ Kg7 30. Rg8+ Kh6 31. Rxg6+ hxg6 32. bxc3 1-0

[Event "Tradewise Gibraltar Masters 14th"]
[Site "Gibraltar"]
[Date "2016.02.02"]
[Round "8.80"]
[White "Tscharotschkin, Michael"]
[Black "Houska, Jovanka"]
[Result "0-1"]
[WhiteElo "2169"]
[BlackElo "2402"]
[PlyCount "48"]
[EventDate "2016.01.26"]
[EventType "swiss"]
[EventRounds "10"]
[EventCountry "GGB"]
[Source "www.saund.co.uk"]
[SourceDate "2005.02.07"]

1. d4 Nf6 2. Nf3 d5 3. Bf4 c5 4. e3 Nc6 5. Nc3 c4 6. Be2 Bf5 7. O-O e6 8. Ne5
Nxe5 9. dxe5 Ne4 10. Nxe4 Bxe4 11. b3 Qc7 12. bxc4 dxc4 13. c3 Qc6 14. Qd4 Bxg2
15. Rfd1 Bd5 16. Bg5 Bc5 17. Qg4 h6 18. Bh4 g5 19. Bg3 O-O-O 20. Rxd5 Qxd5 21.
Rd1 Qc6 22. Rb1 h5 23. Qxc4 h4 24. Bf1 Bb6 0-1

[Event "Tradewise Gibraltar Masters 14th"]
[Site "Gibraltar"]
[Date "2016.02.02"]
[Round "8.81"]
[White "Bellon Lopez, Juan Manuel"]
[Black "Lobersli, Henrik Oie"]
[Result "1/2-1/2"]
[WhiteElo "2376"]
[BlackElo "2146"]
[PlyCount "126"]
[EventDate "2016.01.26"]
[EventType "swiss"]
[EventRounds "10"]
[EventCountry "GGB"]
[Source "www.saund.co.uk"]
[SourceDate "2005.02.07"]

1. b3 e5 2. Bb2 Nc6 3. c4 Nf6 4. e3 g6 5. d3 Bg7 6. g3 O-O 7. Bg2 d5 8. cxd5
Nxd5 9. a3 Be6 10. Nc3 Nxc3 11. Bxc3 Qd7 12. Qc2 Rad8 13. Rd1 Rfe8 14. Ne2 Bf5
15. Qb2 Qe6 16. e4 Bg4 17. f3 Bh3 18. O-O Bxg2 19. Kxg2 Rd7 20. Nf4 Qd6 21. Nd5
Nd4 22. Ne3 Qe6 23. b4 Red8 24. b5 a6 25. a4 axb5 26. axb5 c6 27. bxc6 bxc6 28.
Nc4 f6 29. Ba5 Re8 30. h3 Bf8 31. f4 Bc5 32. Bc3 Rdd8 33. Bxd4 Bxd4 34. Qc2
exf4 35. Rxf4 Ra8 36. g4 Ra7 37. Rd2 Rea8 38. Rf1 Ra1 39. Rxa1 Rxa1 40. Rd1
Rxd1 41. Qxd1 f5 42. Qf3 fxe4 43. Qxe4 Qf6 44. Qf3 Qe6 45. Kf1 Kg7 46. Nd2 c5
47. Qb7+ Qf7+ 48. Qxf7+ Kxf7 49. Ke2 Ke6 50. Ne4 h6 51. h4 Kd5 52. Kf3 Bg7 53.
Ng3 Bd4 54. h5 gxh5 55. Nxh5 Bb2 56. Ng3 Kd4 57. Ke2 Bc1 58. Nh5 c4 59. dxc4
Kxc4 60. Ng3 Kd4 61. Nf5+ Ke4 62. Nxh6 Bxh6 63. g5 Bxg5 1/2-1/2

[Event "Tradewise Gibraltar Masters 14th"]
[Site "Gibraltar"]
[Date "2016.02.02"]
[Round "8.82"]
[White "Byron, Alan M"]
[Black "Vuilleumier, Alexandre"]
[Result "0-1"]
[WhiteElo "2175"]
[BlackElo "2356"]
[PlyCount "80"]
[EventDate "2016.01.26"]
[EventType "swiss"]
[EventRounds "10"]
[EventCountry "GGB"]
[Source "www.saund.co.uk"]
[SourceDate "2005.02.07"]

1. e4 c5 2. Nf3 d6 3. d4 cxd4 4. Nxd4 Nf6 5. Nc3 g6 6. Be3 Bg7 7. Be2 O-O 8.
O-O Nc6 9. Nb3 Be6 10. f4 Rc8 11. f5 Bd7 12. a4 Qc7 13. a5 Qb8 14. Ra4 Ne5 15.
Rb4 Bc6 16. Nd5 Nxd5 17. exd5 Bd7 18. a6 b6 19. Nd4 Rc5 20. Nb3 Rc7 21. Rh4 Qc8
22. Nd4 Bf6 23. Rh3 Rc5 24. Ne6 fxe6 25. dxe6 Be8 26. Bh6 Bb5 27. Bxf8 Bxe2 28.
Qxe2 Qxf8 29. fxg6 hxg6 30. Qe4 d5 31. Qe2 Qc8 32. Qe3 Qxe6 33. c3 Rc4 34. Qh6
Qf7 35. Rg3 Rg4 36. Rxg4 Nxg4 37. Qf4 Qe6 38. Kh1 Qe2 39. Rc1 Nf2+ 40. Kg1 Nd3
0-1

[Event "Tradewise Gibraltar Masters 14th"]
[Site "Gibraltar"]
[Date "2016.02.02"]
[Round "8.83"]
[White "Spence, David J"]
[Black "Shachar, Ehud"]
[Result "0-1"]
[WhiteElo "2140"]
[BlackElo "2353"]
[PlyCount "68"]
[EventDate "2016.01.26"]
[EventType "swiss"]
[EventRounds "10"]
[EventCountry "GGB"]
[Source "www.saund.co.uk"]
[SourceDate "2005.02.07"]

1. e4 e6 2. d4 d5 3. Nc3 Bb4 4. e5 c5 5. a3 Bxc3+ 6. bxc3 Qa5 7. Bd2 Qa4 8. Qb1
c4 9. h4 Nc6 10. h5 Bd7 11. g4 O-O-O 12. f4 f6 13. Ne2 Rf8 14. Qb2 Qa5 15. Bh3
Nge7 16. O-O-O Kb8 17. Rdf1 Ka8 18. Be1 h6 19. Rhg1 Nc8 20. Bg3 Nb6 21. f5 Na4
22. Qa1 fxe5 23. dxe5 Qc5 24. Nd4 Nxc3 25. Qxc3 Nxd4 26. Kd1 Nb5 27. Qd2 Qxa3
28. Ke1 Nc3 29. Rf4 Bc6 30. f6 gxf6 31. exf6 Ne4 32. Rxe4 dxe4 33. g5 hxg5 34.
Qxg5 Qc3+ 0-1

[Event "Tradewise Gibraltar Masters 14th"]
[Site "Gibraltar"]
[Date "2016.02.02"]
[Round "8.84"]
[White "Ranaivoharisoa, Alain"]
[Black "Arakhamia-Grant, Ketevan"]
[Result "0-1"]
[WhiteElo "2160"]
[BlackElo "2346"]
[PlyCount "64"]
[EventDate "2016.01.26"]
[EventType "swiss"]
[EventRounds "10"]
[EventCountry "GGB"]
[Source "www.saund.co.uk"]
[SourceDate "2005.02.07"]

1. e4 c5 2. Nf3 e6 3. d4 cxd4 4. Nxd4 Nf6 5. Nc3 d6 6. Be3 Be7 7. Be2 a6 8. a4
Qc7 9. f4 b6 10. Bf3 Bb7 11. O-O Nbd7 12. Qe2 O-O 13. Rad1 Rfe8 14. g4 Nc5 15.
Qg2 d5 16. e5 Nfe4 17. Bxe4 Nxe4 18. Nxe4 dxe4 19. Qg3 Bf8 20. Rf2 Rad8 21.
Rfd2 Rd5 22. Qf2 b5 23. axb5 axb5 24. Nb3 Rc8 25. Rxd5 Bxd5 26. Nd4 b4 27. Ra1
h6 28. Ne2 Bb7 29. Ra7 Qd7 30. Nd4 Bc5 31. Ra1 Bxd4 32. Bxd4 e3 0-1

[Event "Tradewise Gibraltar Masters 14th"]
[Site "Gibraltar"]
[Date "2016.02.02"]
[Round "8.85"]
[White "Tate, Alan"]
[Black "Seyfried, Claus"]
[Result "1-0"]
[WhiteElo "2345"]
[BlackElo "2137"]
[PlyCount "73"]
[EventDate "2016.01.26"]
[EventType "swiss"]
[EventRounds "10"]
[EventCountry "GGB"]
[Source "www.saund.co.uk"]
[SourceDate "2005.02.07"]

1. Nf3 d5 2. g3 c6 3. Bg2 Nf6 4. O-O g6 5. b3 Bg7 6. Bb2 O-O 7. c4 b6 8. Na3
Bb7 9. Rc1 Na6 10. cxd5 cxd5 11. Nb5 Qd7 12. a4 Rfc8 13. Rxc8+ Qxc8 14. Qa1 Qd8
15. Qa3 Nc5 16. Rc1 a6 17. Nbd4 Rc8 18. a5 Bf8 19. Ne5 e6 20. b4 Nce4 21. Rxc8
Bxc8 22. d3 Nd6 23. Qc3 bxa5 24. bxa5 Bg7 25. Ndc6 Qc7 26. Qc5 Nfe8 27. Ba3 Bb7
28. Bh3 Bf8 29. f4 f6 30. Bxe6+ Kg7 31. Bxd5 fxe5 32. fxe5 Bxc6 33. Bxc6 Qf7
34. exd6 Nxd6 35. Bb2+ Kh6 36. Bc1+ Kg7 37. Qe5+ 1-0

[Event "Tradewise Gibraltar Masters 14th"]
[Site "Gibraltar"]
[Date "2016.02.02"]
[Round "8.86"]
[White "Veltkamp, Gerben"]
[Black "Zwahr, Paul"]
[Result "0-1"]
[WhiteElo "2135"]
[BlackElo "2333"]
[PlyCount "78"]
[EventDate "2016.01.26"]
[EventType "swiss"]
[EventRounds "10"]
[EventCountry "GGB"]
[Source "www.saund.co.uk"]
[SourceDate "2005.02.07"]

1. e4 e5 2. f4 d5 3. exd5 exf4 4. Nf3 Nf6 5. Bc4 Nxd5 6. O-O Be6 7. Qe2 c5 8.
Nc3 Be7 9. d4 cxd4 10. Nxd5 Bxd5 11. Bxd5 Qxd5 12. Bxf4 Nc6 13. Ne5 Nd8 14. c4
Qe6 15. Qf2 f6 16. Nf3 Qxc4 17. Rac1 Qd5 18. Rfd1 O-O 19. Qxd4 Qxa2 20. Qd7 Bb4
21. Bd6 Bxd6 22. Rxd6 Qxb2 23. Rc7 Nf7 24. Rxb7 Qa3 25. Rd3 Qa6 26. Qd5 Rae8
27. Qb3 f5 28. Rdd7 Qa1+ 29. Kf2 Qf6 30. Rxf7 Rxf7 31. Ne5 Qxe5 32. Qxf7+ Kh8
33. g3 Qd4+ 34. Kf1 Qd1+ 35. Kg2 Re2+ 36. Kh3 Qf1+ 37. Kh4 Re4+ 38. Kg5 Rg4+
39. Kh5 Qh3# 0-1

[Event "Tradewise Gibraltar Masters 14th"]
[Site "Gibraltar"]
[Date "2016.02.02"]
[Round "8.87"]
[White "Perez Garcia, Rodney Oscar"]
[Black "Feldbacher, Harald"]
[Result "1-0"]
[WhiteElo "2332"]
[BlackElo "2121"]
[PlyCount "67"]
[EventDate "2016.01.26"]
[EventType "swiss"]
[EventRounds "10"]
[EventCountry "GGB"]
[Source "www.saund.co.uk"]
[SourceDate "2005.02.07"]

1. e4 c5 2. Nf3 Nc6 3. Bb5 g6 4. O-O Bg7 5. Re1 Nf6 6. e5 Nd5 7. Nc3 Nc7 8.
Bxc6 dxc6 9. Ne4 Ne6 10. d3 O-O 11. Be3 b6 12. Qd2 Nd4 13. Nxd4 cxd4 14. Bh6 c5
15. h4 Qd5 16. Bxg7 Kxg7 17. Qf4 h6 18. f3 a5 19. a4 Ra7 20. b3 Qe6 21. Re2 Qf5
22. Qg3 Rd8 23. Nf2 Be6 24. Nh3 Bd5 25. Nf4 Kh7 26. Rae1 g5 27. Nxd5 Rxd5 28.
e6 Rb7 29. Re5 Rxe5 30. Rxe5 Qf4 31. Qxf4 gxf4 32. exf7 Kg7 33. Rf5 Kf8 34.
Rxf4 1-0

[Event "Tradewise Gibraltar Masters 14th"]
[Site "Gibraltar"]
[Date "2016.02.02"]
[Round "8.88"]
[White "Lombaers, Peter"]
[Black "Barrenechea Bahamonde, Gustavo"]
[Result "1-0"]
[WhiteElo "2328"]
[BlackElo "2116"]
[PlyCount "77"]
[EventDate "2016.01.26"]
[EventType "swiss"]
[EventRounds "10"]
[EventCountry "GGB"]
[Source "www.saund.co.uk"]
[SourceDate "2005.02.07"]

1. e4 Nf6 2. e5 Nd5 3. d4 d6 4. Nf3 g6 5. Bc4 Nb6 6. Bb3 Bg7 7. Ng5 e6 8. Qf3
O-O 9. Qh3 h6 10. Nf3 dxe5 11. dxe5 c5 12. c3 h5 13. O-O Nc6 14. Re1 Qc7 15.
Qg3 a6 16. Bf4 c4 17. Bc2 Nd5 18. Bg5 b5 19. Nbd2 Bb7 20. Re4 Nce7 21. Rae1 Nf5
22. Qh3 Nde7 23. R4e2 a5 24. Ne4 Nd5 25. Ng3 Nxg3 26. hxg3 b4 27. Bd2 bxc3 28.
bxc3 Nb6 29. Ng5 Rad8 30. Bxg6 fxg6 31. Qxe6+ Rf7 32. Nxf7 Qxf7 33. Qxb6 Qd5
34. f3 Rf8 35. Qxg6 Rxf3 36. gxf3 Qxf3 37. Kh2 h4 38. gxh4 Kh8 39. Rg2 1-0

[Event "Tradewise Gibraltar Masters 14th"]
[Site "Gibraltar"]
[Date "2016.02.02"]
[Round "8.89"]
[White "Amos, Frank"]
[Black "De Haan, Eric"]
[Result "0-1"]
[WhiteElo "2118"]
[BlackElo "2313"]
[PlyCount "42"]
[EventDate "2016.01.26"]
[EventType "swiss"]
[EventRounds "10"]
[EventCountry "GGB"]
[Source "www.saund.co.uk"]
[SourceDate "2005.02.07"]

1. e4 c5 2. Nf3 e6 3. d4 cxd4 4. Nxd4 a6 5. Nc3 Qc7 6. f4 b5 7. Bd3 Bb7 8. Nce2
Nf6 9. Ng3 h5 10. Qf3 h4 11. Nge2 d6 12. Bd2 Nbd7 13. Nb3 Nc5 14. Ba5 Qc8 15.
Nd2 h3 16. g4 d5 17. Ng3 dxe4 18. Ndxe4 Nfxe4 19. Bxe4 Nxe4 20. O-O-O Nd6 21.
Qd3 Bxh1 0-1

[Event "Tradewise Gibraltar Masters 14th"]
[Site "Gibraltar"]
[Date "2016.02.02"]
[Round "8.90"]
[White "Weeramantry, Sunil"]
[Black "Ripari, Marcelo"]
[Result "1/2-1/2"]
[WhiteElo "2099"]
[BlackElo "2310"]
[PlyCount "119"]
[EventDate "2016.01.26"]
[EventType "swiss"]
[EventRounds "10"]
[EventCountry "GGB"]
[Source "www.saund.co.uk"]
[SourceDate "2005.02.07"]

1. e4 c5 2. Nf3 Nc6 3. d4 cxd4 4. Nxd4 Nf6 5. Nc3 e5 6. Ndb5 d6 7. Nd5 Nxd5 8.
exd5 Nb8 9. c4 Be7 10. Be2 O-O 11. O-O a6 12. Nc3 f5 13. f4 exf4 14. Bxf4 Nd7
15. Kh1 Ne5 16. Rc1 Bf6 17. Be3 Re8 18. Qd2 Bd7 19. Nd1 b5 20. Qb4 Qb8 21. cxb5
axb5 22. Nc3 Nc4 23. Bxc4 bxc4 24. Qxb8 Raxb8 25. Bf4 Rxb2 26. Bxd6 Bxc3 27.
Rxc3 Rxa2 28. Rb1 Rd2 29. Rxc4 Rxd5 30. Bf4 h6 31. h4 Re4 32. Rxe4 fxe4 33. Rb2
Bb5 34. Kh2 Kf7 35. Rb4 Bd3 36. g4 g5 37. Rb7+ Ke6 38. Rb6+ Kd7 39. hxg5 hxg5
40. Be3 Be2 41. Rg6 Rd3 42. Bxg5 Bxg4 43. Kg2 Rf3 44. Bh4 Bh3+ 45. Kg1 Be6 46.
Rg3 Rf7 47. Re3 Bd5 48. Bf2 Ke6 49. Rg3 Rf5 50. Be3 Bc4 51. Rg6+ Kd7 52. Bf2
Be2 53. Kg2 Bf3+ 54. Kg3 Bh5 55. Rh6 Be2 56. Rh4 e3 57. Be1 Rf1 58. Re4 Rg1+
59. Kh2 Rxe1 60. Rxe3 1/2-1/2

[Event "Tradewise Gibraltar Masters 14th"]
[Site "Gibraltar"]
[Date "2016.02.02"]
[Round "8.91"]
[White "Bach, Matthias"]
[Black "Eagleton, Greg T"]
[Result "1-0"]
[WhiteElo "2301"]
[BlackElo "1981"]
[PlyCount "65"]
[EventDate "2016.01.26"]
[EventType "swiss"]
[EventRounds "10"]
[EventCountry "GGB"]
[Source "www.saund.co.uk"]
[SourceDate "2005.02.07"]

1. d4 Nf6 2. c4 c5 3. d5 b5 4. a4 bxc4 5. Nc3 d6 6. e4 Ba6 7. f4 g6 8. Nf3 Bg7
9. e5 Nfd7 10. e6 fxe6 11. dxe6 Nf6 12. f5 Qc8 13. Be2 Nc6 14. O-O gxf5 15. Ng5
Nd4 16. Bh5+ Kd8 17. Bf4 Kc7 18. Nb5+ Bxb5 19. axb5 h6 20. Nf7 Rg8 21. Ra6 Qb7
22. Bf3 Ne4 23. Qa1 Qxb5 24. Bxe4 fxe4 25. Nxd6 Nf3+ 26. Rxf3 exd6 27. Bxd6+
Kc8 28. Rxa7 Bd4+ 29. Kh1 Rxa7 30. Qxa7 Qb7 31. Rf7 Qxa7 32. Rxa7 e3 33. Ra8+
1-0